[Event "Llinars del Valles op-B 8th"]
[Site "Llinars del Valles"]
[Date "2015.05.09"]
[Round "5"]
[White "Martin Capitan, Jesus C"]
[Black "Gonzalez Garcia, Sergi"]
[Result "1-0"]
[WhiteElo "1925"]
[BlackElo "1977"]
[PlyCount "55"]
[EventDate "2015.04.11"]
[EventType "swiss"]
[EventRounds "9"]
[EventCountry "ESP"]
[SourceTitle "EXT 2016"]
[Source "ChessBase"]
[SourceDate "2015.10.08"]
[SourceVersion "1"]
[SourceVersionDate "2015.10.08"]
[SourceQuality "1"]

1. e4 e5 2. Bc4 Nc6 3. Nc3 Nf6 4. d3 Bc5 5. Bg5 h6 6. Bh4 g5 7. Bg3 d6 8. h4 Bg4 9. f3 Nh5 10. fxg4 Nxg3 11. Qf3 Rh7 12. Qxg3 Nd4 13. 0-0-0 c6 14. Nge2 b5 15. Bb3 a5 16. Nxd4 Bxd4 17. a4 Qb6 18. Kd2 b4 19. Ne2 Bxb2 20. hxg5 0-0-0 21. gxh6 d5 22. Qe3 Bc3+ 23. Nxc3 bxc3+ 24. Ke2 Qxe3+ 25. Kxe3 d4+ 26. Ke2 Rd6 27. g5 Kd7 28. Bxf7 1-0

[Event "Barcelona Primavera La Lira op 7th"]
[Site "Barcelona"]
[Date "2014.05.29"]
[Round "6"]
[White "Colom Andres, Xavier"]
[Black "Gonzalez Garcia, Sergi"]
[Result "1-0"]
[WhiteElo "1905"]
[BlackElo "1769"]
[PlyCount "143"]
[EventDate "2014.04.03"]
[EventType "swiss"]
[EventRounds "9"]
[EventCountry "ESP"]
[SourceTitle "EXT 2015"]
[Source "ChessBase"]
[SourceDate "2014.11.20"]
[SourceVersion "1"]
[SourceVersionDate "2014.11.20"]
[SourceQuality "1"]

1. Nf3 Nf6 2. g3 d6 3. c4 g6 4. b4 Bg7 5. Bb2 0-0 6. Bg2 c6 7. 0-0 Na6 8. b5 cxb5 9. cxb5 Qb6 10. a4 Nc5 11. Nc3 Bd7 12. d4 Nce4 13. e3 Rac8 14. Rc1 Nxc3 15. Bxc3 Ne4 16. Bb2 Rxc1 17. Qxc1 Rc8 18. Qa1 Rc2 19. Ne1 Rxf2 20. Rxf2 Nxf2 21. Kxf2 a6 22. bxa6 bxa6 23. Qa3 Bxa4 24. Qxa4 Qxb2+ 25. Qc2 Qb6 26. Nd3 a5 27. Nf4 e6 28. Qc8+ Bf8 29. Qb7 Qd8 30. Qa8 Qb6 31. Qb7 Qd8 32. Bc6 d5 33. Nd3 Qf6+ 34. Ke2 Qf5 35. Be8 Bh6 36. h3 Qxh3 37. Qxf7+ Kh8 38. Qf6+ Bg7 39. Qf3 Qh2+ 40. Nf2 Qg1 41. Bf7 Qc1 42. Qf4 Qb2+ 43. Kf3 Qb6 44. Qh4 e5 45. Qe7 Qf6+ 46. Qxf6 Bxf6 47. dxe5 Bxe5 48. Bxd5 Kg7 49. Nd3 Bd6 50. Bb3 Kf6 51. Nf2 Kg7 52. Ne4 Be5 53. Nc5 Bd6 54. Nb7 Bc7 55. e4 Kf6 56. Nc5 h6 57. Nd7+ Ke7 58. Ba4 Kf7 59. e5 Ke6 60. Ke4 h5 61. Nc5+ Ke7 62. Bb3 g5 63. Ne6 a4 64. Bc4 Bb6 65. Nxg5 Bf2 66. Kf3 Be1 67. Kf4 a3 68. Nf3 Bc3 69. Kg5 Bb2 70. Kxh5 Bc1 71. g4 Kf8 72. Kg6 1-0

[Event "Barcelona La Lira op 32nd"]
[Site "Barcelona"]
[Date "2014.03.06"]
[Round "8"]
[White "Volart Buil, Jordi"]
[Black "Gonzalez Garcia, Sergi"]
[Result "0-1"]
[WhiteElo "1784"]
[BlackElo "1769"]
[PlyCount "110"]
[EventDate "2014.01.16"]
[EventType "swiss"]
[EventRounds "9"]
[EventCountry "ESP"]
[SourceTitle "EXT 2015"]
[Source "ChessBase"]
[SourceDate "2014.11.20"]
[SourceVersion "1"]
[SourceVersionDate "2014.11.20"]
[SourceQuality "1"]

1. d4 Nf6 2. c4 Nc6 3. Nc3 e5 4. d5 Ne7 5. e4 Ng6 6. a3 a5 7. Be3 Be7 8. Nge2 Ng4 9. Qc1 Nxe3 10. Qxe3 Bg5 11. Qd3 d6 12. g3 0-0 13. h4 Bh6 14. h5 Ne7 15. f4 exf4 16. Nxf4 Bg4 17. Be2 Qd7 18. Rh4 Bxe2 19. Ncxe2 Bg5 20. Rh2 h6 21. a4 Rfe8 22. Kd1 Kh8 23. Kc2 Ng8 24. Nd4 Nf6 25. Re2 Qg4 26. Rf1 Nxh5 27. Nxh5 Qxh5 28. Qf3 Qxf3 29. Rxf3 Bf6 30. Nf5 Kh7 31. g4 Re5 32. Kd3 Bg5 33. Nd4 Bf6 34. Nb5 Re7 35. Na3 Ra6 36. Kc2 Rb6 37. Rb3 Rxb3 38. Kxb3 Kg6 39. Nc2 Kg5 40. Ne1 Kxg4 41. Kc2 h5 42. Kd3 Be5 43. Rg2+ Bg3 44. Rg1 h4 45. Ng2 Kf3 46. Ne3 g6 47. Rf1+ Bf2 48. Nd1 h3 49. Rxf2+ Kg3 50. Ke3 h2 51. Rf3+ Kg2 52. Rf2+ Kg1 53. Ke2 Rxe4+ 54. Ne3 Rxe3+ 55. Kxe3 h1Q 0-1

[Event "Barcelona Primavera La Lira op 6th"]
[Site "Barcelona"]
[Date "2013.05.23"]
[Round "7"]
[White "Strahle, Jurgen Alexander"]
[Black "Gonzalez Garcia, Sergi"]
[Result "1/2-1/2"]
[WhiteElo "1700"]
[BlackElo "1825"]
[PlyCount "72"]
[EventDate "2013.04.11"]
[EventType "swiss"]
[EventRounds "9"]
[EventCountry "ESP"]
[SourceTitle "CBM 154 Extra"]
[Source "ChessBase"]
[SourceDate "2013.06.25"]
[SourceVersion "2"]
[SourceVersionDate "2013.06.25"]
[SourceQuality "1"]

1. e4 d6 2. d4 Nf6 3. Nc3 g6 4. Bg5 Bg7 5. Nf3 0-0 6. Qd2 Nbd7 7. Bh6 c6 8. Bxg7 Kxg7 9. h4 h5 10. Bc4 b5 11. Bd3 a6 12. 0-0-0 Qa5 13. Kb1 Nb6 14. Ng5 Na4 15. Nxa4 Qxa4 16. Qc3 b4 17. Qb3 Qxb3 18. axb3 a5 19. f3 Ba6 20. c4 bxc3 21. bxc3 Rfb8 22. Kc2 Nd7 23. f4 c5 24. Bxa6 Rxa6 25. d5 a4 26. bxa4 Rxa4 27. Ra1 Rba8 28. Rxa4 Rxa4 29. Rb1 Ra7 30. Nf3 Nf6 31. Ng5 Ng4 32. Rb2 Nf6 33. Kd3 Rc7 34. Kc4 Ra7 35. Kd3 Kg8 36. Rb8+ Kg7 1/2-1/2

[Event "Barcelona Primavera La Lira op 6th"]
[Site "Barcelona"]
[Date "2013.05.09"]
[Round "5"]
[White "Gonzalez Garcia, Sergi"]
[Black "Masferrer Niubo, Enric"]
[Result "0-1"]
[WhiteElo "1825"]
[BlackElo "1966"]
[PlyCount "150"]
[EventDate "2013.04.11"]
[EventType "swiss"]
[EventRounds "9"]
[EventCountry "ESP"]
[SourceTitle "CBM 154 Extra"]
[Source "ChessBase"]
[SourceDate "2013.06.25"]
[SourceVersion "2"]
[SourceVersionDate "2013.06.25"]
[SourceQuality "1"]

1. e4 d6 2. d4 Nf6 3. Nc3 Nbd7 4. Bd3 e5 5. Nf3 Be7 6. 0-0 0-0 7. h3 a6 8. Ne2 exd4 9. Nexd4 Nc5 10. Re1 Nxd3 11. cxd3 c5 12. Nc2 b5 13. a4 Bb7 14. Ne3 g6 15. b3 Re8 16. Bb2 Bf8 17. axb5 axb5 18. Rxa8 Bxa8 19. Qa1 Bg7 20. Ng4 Nxg4 21. Bxg7 f6 22. hxg4 Kxg7 23. g5 Kf7 24. gxf6 Qxf6 25. Qa7+ Kg8 26. Qd7 Rf8 27. Qxb5 g5 28. Qc4+ Kg7 29. e5 dxe5 30. Rxe5 Bxf3 31. Qxc5 Bh5 32. Rxg5+ Bg6 33. b4 Rd8 34. Rd5 Ra8 35. Qd4 Qxd4 36. Rxd4 Ra1+ 37. Kh2 Rb1 38. Kg3 Rb3 39. Rd7+ Kf6 40. Rb7 Bxd3 41. Kf4 Ke6 42. g3 Kd6 43. Kg4 Kc6 44. Rb8 Kc7 45. Re8 Rxb4+ 46. f4 Rb5 47. Re3 Bg6 48. Kh3 Rf5 49. Kh4 Kd7 50. Kg4 Rd5 51. Kh3 Rd4 52. Kh2 Re4 53. Ra3 Ke6 54. Ra5 Bf5 55. Kg2 Rb4 56. Kf3 Rb3+ 57. Kf2 Kf6 58. Ra6+ Kg7 59. g4 Be4 60. Ra7+ Bb7 61. Ra4 Rf3+ 62. Ke2 Rg3 63. Ra7 Rb3 64. Kf2 Kf6 65. Ra4 Bc6 66. Rd4 Rf3+ 67. Ke2 Ke6 68. f5+ Ke5 69. Rd8 Rh3 70. Kf2 Kf4 71. Rd4+ Kg5 72. Kf1 Bf3 73. Kf2 Bxg4 74. f6 Rf3+ 75. Kg2 Rxf6 0-1

[Event "Barcelona Primavera La Lira op 5th"]
[Site "Barcelona"]
[Date "2012.05.03"]
[Round "3"]
[White "Herms Agullo, Jordi"]
[Black "Gonzalez Garcia, Sergi"]
[Result "1-0"]
[WhiteElo "2095"]
[BlackElo "1812"]
[PlyCount "47"]
[EventDate "2012.04.19"]
[EventType "swiss"]
[EventRounds "9"]
[EventCountry "ESP"]
[SourceTitle "CBM 148 Extra"]
[Source "ChessBase"]
[SourceDate "2012.06.22"]
[SourceVersion "1"]
[SourceVersionDate "2012.06.22"]
[SourceQuality "1"]

1. e4 d6 2. d4 Nf6 3. Nc3 g6 4. f4 Bg7 5. Nf3 0-0 6. e5 dxe5 7. fxe5 Nd5 8. Bd3 c6 9. Nxd5 cxd5 10. h4 Bg4 11. Be3 Nc6 12. Qd2 Qd7 13. 0-0-0 Rfc8 14. h5 Bf5 15. hxg6 fxg6 16. a3 e6 17. Bxf5 exf5 18. Bh6 Nd8 19. Ng5 Ne6 20. Nxe6 Qxe6 21. Bxg7 Kxg7 22. Qh6+ Kf7 23. Qxh7+ Ke8 24. Qg7 1-0

[Event "Barcelona Primavera La Lira op 5th"]
[Site "Barcelona"]
[Date "2012.04.19"]
[Round "1"]
[White "Orts Gonzalez, Rafael"]
[Black "Gonzalez Garcia, Sergi"]
[Result "0-1"]
[WhiteElo "1298"]
[BlackElo "1812"]
[PlyCount "36"]
[EventDate "2012.04.19"]
[EventType "swiss"]
[EventRounds "9"]
[EventCountry "ESP"]
[SourceTitle "CBM 148 Extra"]
[Source "ChessBase"]
[SourceDate "2012.06.22"]
[SourceVersion "1"]
[SourceVersionDate "2012.06.22"]
[SourceQuality "1"]

1. d4 Nf6 2. Nf3 d5 3. e3 e6 4. Be2 Bd6 5. Ng5 h6 6. Nh3 c5 7. c4 Nc6 8. 0-0 0-0 9. Nc3 Re8 10. cxd5 exd5 11. Nf4 Bxf4 12. exf4 Nxd4 13. Re1 Bf5 14. Qd2 Nc2 15. Rb1 Nxe1 16. Qxe1 d4 17. Qd2 Qe7 18. Bf3 Qe1+ 0-1

[Event "Cerdanyola del Valles op-A 29th"]
[Site "Cerdanyola del Valles"]
[Date "2011.10.08"]
[Round "2"]
[White "Gonzalez Garcia, Sergi"]
[Black "Diaz Camallonga, Carles"]
[Result "0-1"]
[WhiteElo "1776"]
[BlackElo "2025"]
[PlyCount "104"]
[EventDate "2011.10.01"]
[EventType "swiss"]
[EventRounds "8"]
[EventCountry "ESP"]
[SourceTitle "EXT 2013"]
[Source "ChessBase"]
[SourceDate "2012.11.22"]
[SourceVersion "1"]
[SourceVersionDate "2012.11.22"]
[SourceQuality "1"]

1. e4 c5 2. Nf3 Nf6 3. Nc3 d5 4. exd5 Nxd5 5. Nxd5 Qxd5 6. c4 Qd8 7. d4 Bg4 8. d5 g6 9. Qa4+ Qd7 10. Qb3 Bg7 11. Be2 0-0 12. 0-0 Qc7 13. h3 Bd7 14. Bd2 Qb6 15. Qxb6 axb6 16. Bc3 Na6 17. Bxg7 Kxg7 18. Ne5 Rfd8 19. Rfd1 Nb4 20. Nxd7 Rxd7 21. a3 Nc2 22. Rac1 Nd4 23. Bf1 Rad8 24. Re1 e6 25. dxe6 fxe6 26. Be2 Kf6 27. g3 e5 28. Kg2 h5 29. Rc3 e4 30. g4 h4 31. f4 Ne6 32. Kf2 Nxf4 33. Re3 Rd2 34. Kf1 Rxb2 35. Rxe4 g5 36. Rd1 Rxd1+ 37. Bxd1 Nxh3 38. Re3 Nf4 39. Bf3 h3 40. Bxb7 h2 41. Bh1 Rb1+ 42. Re1 Rxe1+ 43. Kxe1 Ke5 44. Kf2 Kd4 45. Kg3 Kxc4 46. Kxh2 Kd3 47. Bc6 Kd2 48. Bb5 Ng6 49. Kg2 Ne5 50. a4 c4 51. Bxc4 Nxc4 52. Kf3 Kd3 0-1

[Event "Cerdanyola del Valles op-A 29th"]
[Site "Cerdanyola del Valles"]
[Date "2011.10.01"]
[Round "1"]
[White "Gonzalez Garcia, Sergi"]
[Black "Lozano Diaz, Antoni"]
[Result "1-0"]
[WhiteElo "1776"]
[BlackElo "1967"]
[PlyCount "81"]
[EventDate "2011.10.01"]
[EventType "swiss"]
[EventRounds "8"]
[EventCountry "ESP"]
[SourceTitle "EXT 2013"]
[Source "ChessBase"]
[SourceDate "2012.11.22"]
[SourceVersion "1"]
[SourceVersionDate "2012.11.22"]
[SourceQuality "1"]

1. e4 c6 2. d4 d5 3. e5 c5 4. c3 Nc6 5. Ne2 Bg4 6. h3 Bxe2 7. Bxe2 e6 8. Be3 Qb6 9. Qb3 Qxb3 10. axb3 cxd4 11. cxd4 Bb4+ 12. Nc3 Nge7 13. g4 0-0 14. 0-0 Ng6 15. f4 Rfd8 16. f5 Ngxe5 17. fxe6 fxe6 18. Bg5 Nxd4 19. Bxd8 Rxd8 20. Bd1 Ndc6 21. Ra4 Nd3 22. Ra2 e5 23. Nb5 e4 24. Nc7 Bd6 25. Nb5 Bc5+ 26. Kg2 a6 27. Nc7 Bd6 28. Nxd5 Be5 29. Nc3 Nf4+ 30. Kh1 e3 31. Ra4 Nxh3 32. Kg2 Rd2+ 33. Be2 Ng5 34. Kh1 Rxb2 35. Bc4+ Nf7 36. Rxf7 b5 37. Nxb5 Rb1+ 38. Kg2 Rb2+ 39. Rf2+ Kh8 40. Rxb2 Bxb2 41. Rxa6 1-0

[Event "Cerdanyola del Valles op 28th"]
[Site "Cerdanyola del Valles"]
[Date "2010.11.13"]
[Round "7"]
[White "Gonzalez Garcia, Sergi"]
[Black "Lozano Diaz, Antoni"]
[Result "0-1"]
[WhiteElo "1845"]
[BlackElo "2008"]
[PlyCount "90"]
[EventDate "2010.10.02"]
[EventType "swiss"]
[EventRounds "7"]
[EventCountry "ESP"]
[SourceTitle "EXT 2012"]
[Source "ChessBase"]
[SourceDate "2011.11.24"]
[SourceVersion "1"]
[SourceVersionDate "2011.11.24"]
[SourceQuality "1"]

1. e4 c5 2. Nf3 e6 3. Nc3 d5 4. exd5 exd5 5. Bb5+ Nc6 6. d4 Nf6 7. 0-0 Be7 8. Re1 0-0 9. h3 a6 10. Bxc6 bxc6 11. dxc5 Bxc5 12. Nd4 Bd7 13. Be3 Bb4 14. Bd2 c5 15. Nb3 d4 16. Ne4 Bxd2 17. Nxf6+ Qxf6 18. Qxd2 Rac8 19. c3 Qg6 20. Kh2 d3 21. Re3 Bc6 22. Rg3 Qf5 23. Rg5 Qf6 24. Rxc5 Be4 25. Rxc8 Rxc8 26. Re1 Qg6 27. f3 Qd6+ 28. Kh1 Bg6 29. Nd4 Qd5 30. a3 h6 31. Ne2 Re8 32. Nd4 Rxe1+ 33. Qxe1 Qg5 34. Nb3 Qb5 35. Qd1 Qe5 36. Nd4 Qe3 37. Nb3 Qe2 38. Qd2 Bf5 39. Qf4 Qd1+ 40. Kh2 Qxb3 41. Qxf5 d2 42. Qc8+ Kh7 43. c4 Qd3 44. c5 d1Q 45. Qg4 Q1c2 0-1

[Event "Cerdanyola del Valles op 28th"]
[Site "Cerdanyola del Valles"]
[Date "2010.11.06"]
[Round "6"]
[White "Garcia Castany Musellas, Gal La"]
[Black "Gonzalez Garcia, Sergi"]
[Result "1-0"]
[WhiteElo "1768"]
[BlackElo "1845"]
[PlyCount "71"]
[EventDate "2010.10.02"]
[EventType "swiss"]
[EventRounds "7"]
[EventCountry "ESP"]
[SourceTitle "EXT 2012"]
[Source "ChessBase"]
[SourceDate "2011.11.24"]
[SourceVersion "1"]
[SourceVersionDate "2011.11.24"]
[SourceQuality "1"]

1. e4 e5 2. Nf3 Nc6 3. Bb5 a6 4. Ba4 Nf6 5. d3 d6 6. c3 Bd7 7. 0-0 Be7 8. Re1 0-0 9. Nbd2 b5 10. Bc2 Re8 11. Nf1 Bf8 12. d4 g6 13. h3 Bg7 14. d5 Ne7 15. c4 bxc4 16. Ne3 h6 17. Nxc4 g5 18. Nh2 Ng6 19. Ng4 Nf4 20. Be3 Qc8 21. Nxf6+ Bxf6 22. Rc1 Be7 23. Bb1 Qb7 24. Bxf4 gxf4 25. Na5 Qb6 26. Nc6 Bh4 27. Rf1 Kh7 28. Qh5 Bg5 29. Qxf7+ Kh8 30. h4 Bxh4 31. Qxd7 Rg8 32. Nxe5 Rg7 33. Ng6+ Kh7 34. Qf5 Rxg6 35. e5 dxe5 36. Rc6 1-0

[Event "Cerdanyola del Valles op 28th"]
[Site "Cerdanyola del Valles"]
[Date "2010.10.16"]
[Round "3"]
[White "Gonzalez Garcia, Sergi"]
[Black "Borges Ayats, Joaquim"]
[Result "0-1"]
[WhiteElo "1845"]
[BlackElo "2041"]
[PlyCount "70"]
[EventDate "2010.10.02"]
[EventType "swiss"]
[EventRounds "7"]
[EventCountry "ESP"]
[SourceTitle "EXT 2012"]
[Source "ChessBase"]
[SourceDate "2011.11.24"]
[SourceVersion "1"]
[SourceVersionDate "2011.11.24"]
[SourceQuality "1"]

1. e4 c5 2. Nf3 e6 3. Nc3 Nc6 4. d4 cxd4 5. Nxd4 a6 6. Be3 Qc7 7. Qd2 Nf6 8. 0-0-0 Bb4 9. f3 d5 10. Nxc6 bxc6 11. e5 Nd7 12. a3 Be7 13. f4 c5 14. Bf2 Rb8 15. b3 c4 16. b4 a5 17. Na2 axb4 18. axb4 Ba6 19. c3 Bb5 20. Kb2 Ra8 21. Be2 Qb7 22. Ra1 0-0 23. Rhb1 Rfc8 24. Kc1 Ra3 25. Bd1 Rca8 26. Bd4 Qa6 27. Rb2 Nb8 28. g4 Nc6 29. Bc2 Nxd4 30. Qxd4 Ba4 31. Bxa4 Qxa4 32. Kd2 Bxb4 33. Rxb4 Rxa2+ 34. Rxa2 Qxa2+ 35. Ke3 Qxh2 0-1

[Event "Barcelona La Lira-A 13th"]
[Site "Barcelona"]
[Date "2010.07.29"]
[Round "6"]
[White "Garcia Riera, Josep"]
[Black "Gonzalez Garcia, Sergi"]
[Result "1-0"]
[WhiteElo "2043"]
[BlackElo "1838"]
[PlyCount "91"]
[EventDate "2010.07.24"]
[EventType "tourn"]
[EventRounds "9"]
[EventCountry "ESP"]
[SourceTitle "EXT 2011"]
[Source "ChessBase"]
[SourceDate "2010.11.26"]
[SourceVersion "1"]
[SourceVersionDate "2010.11.26"]
[SourceQuality "1"]

1. d4 Nf6 2. c4 d6 3. Nc3 g6 4. e4 Bg7 5. Be2 0-0 6. Nf3 c6 7. 0-0 Nbd7 8. h3 e5 9. Be3 Re8 10. Qc2 Qe7 11. d5 Nf8 12. b4 cxd5 13. cxd5 Bd7 14. Qb3 Rec8 15. Nd2 Ne8 16. Rac1 f5 17. f3 f4 18. Bf2 Bf6 19. Qd1 Ng7 20. a4 Nh5 21. Bb5 Bh4 22. Bxh4 Qxh4 23. Bxd7 Nxd7 24. Nb5 Qe7 25. Nc4 Rd8 26. Nc7 Rab8 27. Ne6 Rdc8 28. Qd2 Ng7 29. Nxg7 Kxg7 30. Na3 Qd8 31. a5 b6 32. Rc6 bxa5 33. b5 Rxc6 34. dxc6 Nf6 35. Rd1 Qb6+ 36. Qf2 Qc7 37. Rc1 Rb6 38. Qd2 Rb8 39. Kh2 a6 40. bxa6 Rd8 41. Qb2 Ne8 42. Qb7 Rb8 43. Rb1 Rxb7 44. Rxb7 Kh6 45. Rxc7 Nxc7 46. a7 1-0

[Event "San Marti op U20 12th"]
[Site "San Marti"]
[Date "2010.07.16"]
[Round "4"]
[White "Gonzalez Garcia, Sergi"]
[Black "Roche Peris, Eduard"]
[Result "1/2-1/2"]
[WhiteElo "1837"]
[BlackElo "1901"]
[PlyCount "123"]
[EventDate "2010.07.13"]
[EventType "swiss"]
[EventRounds "9"]
[EventCountry "ESP"]
[SourceTitle "EXT 2012"]
[Source "ChessBase"]
[SourceDate "2011.11.24"]
[SourceVersion "1"]
[SourceVersionDate "2011.11.24"]
[SourceQuality "1"]

1. e4 c5 2. Nf3 Nc6 3. d4 cxd4 4. Nxd4 Nf6 5. Nc3 e6 6. Be3 Bb4 7. Bd3 d5 8. exd5 Nxd5 9. Nxc6 bxc6 10. Bd2 Qa5 11. Qh5 Nf4 12. Qxa5 Nxd3+ 13. cxd3 Bxa5 14. Ne4 Bxd2+ 15. Kxd2 Rb8 16. b3 Ke7 17. Rac1 Rb6 18. Rc3 Rd8 19. Rhc1 Ba6 20. Nc5 Rd6 21. a4 Bb7 22. Rc4 Ba8 23. b4 Rb8 24. Ne4 Rd7 25. f3 e5 26. Ke3 Rbd8 27. R1c3 Rd5 28. b5 cxb5 29. Rc7+ R8d7 30. axb5 Rxd3+ 31. Rxd3 Rxc7 32. Nc3 Rd7 33. Na4 Rxd3+ 34. Kxd3 Kd6 35. Kc4 e4 36. fxe4 Bxe4 37. g3 h5 38. b6 axb6 39. Nxb6 Ke5 40. Kc3 Kf5 41. Kd4 Bg2 42. Ke3 Kg4 43. Kf2 Bc6 44. Nc4 f6 45. Ne3+ Kh3 46. Kg1 Ba4 47. Nf5 g5 48. Nd6 h4 49. gxh4 Kxh4 50. Nf5+ Kg4 51. Ne3+ Kf3 52. Nd5 f5 53. Ne7 f4 54. Ng6 Ke4 55. Kf2 g4 56. Nh4 Be8 57. Ng2 Bc6 58. Nh4 f3 59. h3 gxh3 60. Nxf3 Kf4 61. Nh2 Bg2 62. Nf1 1/2-1/2

[Event "Barcelona La Lira Spring op 3rd"]
[Site "Barcelona"]
[Date "2010.06.03"]
[Round "8.8"]
[White "Escudero Martinez, Alberto"]
[Black "Gonzalez Garcia, Sergi"]
[Result "1-0"]
[WhiteElo "1891"]
[BlackElo "1838"]
[PlyCount "135"]
[EventDate "2010.04.15"]
[EventType "swiss"]
[EventRounds "8"]
[EventCountry "ESP"]
[SourceTitle "EXT 2024"]
[Source "ChessBase"]
[SourceDate "2023.10.10"]
[SourceVersion "1"]
[SourceVersionDate "2023.10.10"]
[SourceQuality "1"]

1. Nf3 Nf6 2. g3 d5 3. Bg2 g6 4. 0-0 Bg7 5. d3 0-0 6. Nbd2 c6 7. e4 dxe4 8. dxe4 Na6 9. Qe2 e6 10. Rd1 Qe7 11. Nb3 e5 12. h3 Bd7 13. Bd2 Rac8 14. Bc3 Nh5 15. Na5 b5 16. a3 Rfe8 17. Rd2 Rc7 18. Rad1 Nb8 19. b4 f6 20. Nb3 Be6 21. Nc5 Bf7 22. Qe3 Bf8 23. Nh4 Ng7 24. f4 Nh5 25. f5 g5 26. Nf3 Bc4 27. Nh2 Bf7 28. Ng4 Bg7 29. Bf1 Bf8 30. Rd6 Ba2 31. R6d2 Qf7 32. Kg2 Kh8 33. Be2 Bg7 34. Rd8 Rce7 35. R1d6 Qg8 36. Qd2 Rxd8 37. Rxd8 Re8 38. Rxe8 Qxe8 39. Nf2 Bf7 40. Nd1 Bf8 41. Bxh5 Bxh5 42. Ne6 Bf7 43. Qd8 Qxd8 44. Nxd8 Ba2 45. Kf3 Kg8 46. Bd2 Be7 47. Nb7 Nd7 48. Be3 a6 49. Nb2 Bf7 50. Nd3 h5 51. Bc5 Nxc5 52. Ndxc5 Ba2 53. Nxa6 Bb1 54. c3 Bd3 55. Nac5 Bf1 56. h4 g4+ 57. Kf2 Bc4 58. Nd7 Kf7 59. Nb8 Bf8 60. Nxc6 Bd3 61. Ke3 Bc2 62. Nc5 Bh6+ 63. Ke2 Bc1 64. Na7 Bxa3 65. Nxb5 Bc1 66. Nd6+ Ke7 67. Nc4 Bh6 68. Na3 1-0